Samuel Beckett and experimental psychology : perception, attention, imagery / Joshua Powell. (Record no. 22429)

000 -LEADER
fixed length control field 00542nam a22001457a 4500
020 ## - INTERNATIONAL STANDARD BOOK NUMBER
ISBN 9781350091733
082 ## - DEWEY DECIMAL CLASSIFICATION NUMBER
Classification number 848.91409
Item number P8821 2020
100 ## - MAIN ENTRY--AUTHOR NAME
Personal name Powell, Joshua, author.
245 ## - TITLE STATEMENT
Title Samuel Beckett and experimental psychology : perception, attention, imagery / Joshua Powell.
260 ## - PUBLICATION, DISTRIBUTION, ETC. (IMPRINT)
Place of publication London ;
-- New York :
Name of publisher BLOOMSBURY ACADEMIC,
Year of publication 2020.
300 ## - PHYSICAL DESCRIPTION
Number of Pages 1 online resource, x, 208 pages.
500 ## - GENERAL NOTE
General note Includes bibliographical references and index.
650 ## - SUBJECT ADDED ENTRY--TOPICAL TERM
Topical Term Psychology and literature -- History -- 20th century
942 ## - ADDED ENTRY ELEMENTS (KOHA)
Koha item type Electronic Books
Holdings
Source of acquisition Permanent Location Date acquired Collection code Koha item type Lost status Shelving location Withdrawn status Current Location Full call number
DonationsCagayan State University - Carig Library2026-04-15E-BooksElectronic Books E-Resource Section Cagayan State University - Carig Library848.91409 P8821 2020

Cagayan State University University Library, Carig Campus
Tuguegarao City, Cagayan 3500 | www.csucarig.edu.ph

Powered by Koha